000 00825nam a2200217Ia 4500
001 14407
005 20260420123851.0
008 260306t1997||||xx |||||||||||||| ||spa||
041 _aESP
082 _a512.9
_bA43
100 _aAllen, Angel R.
_eAUT
245 0 _aÁlgebra intermedia
260 _c1997
300 _axxiv, 702 páginas :
_c25 cm.
650 _aGEN
654 _aCMA
856 _uhttps://itmsp.museknowledge.com/UCSP?url=https://www.ebooks7-24.com:443/?il=11946&pg=1
_zVersión digital (2019)
856 _uhttps://0u213x7gr-y-https-ebooks7--24-com.itmsp.museknowledge.com/biblioteca.aspx
_zVéase además: Base de datos Ebook7-24
856 _uhttps://0u20fx7gu-y-https-research-ebsco-com.itmsp.museknowledge.com/c/qxo6us/search
_zVéase además: Base de datos EBSCOhost
942 _cLIB
_dJUS
_fJUS
_2ddc
999 _c14407
_d14407